[Event "Campeonato España Sub 18"]
[Site "Salobreña"]
[Date "2017.08.03"]
[Round "6"]
[White "Serra Canals, Oriol"]
[Black "Quispe Arteaga, Gabriel"]
[Result "1-0"]
[Board "9"]
[WhiteClock "1:27"]
[WhiteElo "2105"]
[WhiteCountry "ESP"]
[WhiteFideId "22276084"]
[WhiteEloChange "13"]
[BlackClock "1:30"]
[BlackTitle "FM"]
[BlackElo "2231"]
[BlackCountry "ESP"]
[BlackFideId "32059809"]
[BlackEloChange "-13"]

1. d4 {[%clk 1:27:00]} d5 {[%clk 1:30:00]} 2. c4 {[%clk 1:28:00]} e6 {[%clk
1:31:00]} 3. Nf3 {[%clk 1:28:00]} Be7 {[%clk 1:31:00]} 4. Nc3 {[%clk 1:29:00]}
Nf6 {[%clk 1:32:00]} 5. Qc2 {[%clk 1:28:00]} O-O {[%clk 1:31:00]} 6. e3 {[%clk
1:28:00]} b6 {[%clk 1:31:00]} 7. cxd5 {[%clk 1:27:00]} exd5 {[%clk 1:31:00]} 8.
Bd3 {[%clk 1:27:00]} Bb7 {[%clk 1:30:00]} 9. O-O {[%clk 1:27:00]} c5 {[%clk
1:28:00]} 10. dxc5 {[%clk 1:27:00]} bxc5 {[%clk 1:28:00]} 11. Rd1 {[%clk
1:27:00]} Qc7 {[%clk 1:12:00]} 12. e4 {[%clk 1:22:00]} dxe4 {[%clk 0:54:00]} 13.
Nxe4 {[%clk 1:22:00]} Nbd7 {[%clk 0:54:00]} 14. Be3 {[%clk 1:05:00]} h6 {[%clk
0:48:00]} 15. Rac1 {[%clk 1:05:00]} Ng4 {[%clk 0:48:00]} 16. Bd2 {[%clk 0:53:00]}
Nde5 {[%clk 0:29:00]} 17. Nxe5 {[%clk 0:52:00]} Qxe5 {[%clk 0:28:00]} 18. Ng3
{[%clk 0:52:00]} Rfd8 {[%clk 0:28:00]} 19. Bc3 {[%clk 0:49:00]} Qc7 {[%clk
0:26:00]} 20. Qe2 {[%clk 0:46:00]} h5 {[%clk 0:15:47]} 21. h3 {[%clk 0:44:00]}
Nh6 {[%clk 0:12:03]} 22. Qxh5 {[%clk 0:36:00]} Qf4 {[%clk 0:08:30]} 23. Be5
{[%clk 0:31:00]} Qg5 {[%clk 0:08:09]} 24. Qe2 {[%clk 0:30:00]} Rxd3 {[%clk
0:07:14]} 25. Qxd3 {[%clk 0:29:00]} Qxe5 {[%clk 0:07:40]} 26. Qd7 {[%clk
0:29:00]} Bg5 {[%clk 0:03:26]} 27. Qxb7 {[%clk 0:28:00]} Rb8 {[%clk 0:02:14]} 28.
Rxc5 {[%clk 0:28:00]} Qe8 {[%clk 0:02:01]} 29. Qxa7 {[%clk 0:28:00]} Bf4 {[%clk
0:01:44]} 30. Rcd5 {[%clk 0:26:00]} Kh7 {[%clk 0:01:46]} 31. Nh5 {[%clk 0:26:00]}
Rb4 {[%clk 0:00:45]} 32. Qc5 {[%clk 0:26:00]} Qb8 {[%clk 0:00:36]} 33. Rd8 {[%clk
0:26:00]} Qb7 {[%clk 0:00:42]} 34. Qc2+ {[%clk 0:25:00]} g6 {[%clk 0:00:51]} 35.
Nf6+ {[%clk 0:25:00]} Kg7 {[%clk 0:01:16]} 36. Qc3 {[%clk 0:25:00]} 1-0

[Event "Campeonato España Sub 18"]
[Site "Salobreña"]
[Date "2017.08.03"]
[Round "6"]
[White "Martin Carmona, Gaston Manuel"]
[Black "Jimenez Ruano, Adrian"]
[Result "1-0"]
[Board "10"]
[WhiteClock "n/a"]
[WhiteElo "2205"]
[WhiteCountry "ESP"]
[WhiteFideId "22284567"]
[WhiteEloChange "9"]
[BlackClock "n/a"]
[BlackElo "2171"]
[BlackCountry "ESP"]
[BlackFideId "22276050"]
[BlackEloChange "-9"]

1. e4 {[%clk 1:30:30]} c5 {[%clk 1:30:30]} 2. Nf3 {[%clk 1:30:30]} d6 {[%clk
1:30:30]} 3. d4 {[%clk 1:30:30]} cxd4 {[%clk 1:30:30]} 4. Nxd4 {[%clk 1:30:30]}
Nf6 {[%clk 1:30:30]} 5. Nc3 {[%clk 1:30:30]} a6 {[%clk 1:30:30]} 6. Be3 {[%clk
1:30:30]} e5 {[%clk 1:30:30]} 7. Nb3 {[%clk 1:30:30]} Be6 {[%clk 1:30:30]} 8. f3
{[%clk 1:30:30]} Be7 {[%clk 1:30:30]} 9. Qd2 {[%clk 1:30:30]} O-O {[%clk
1:30:30]} 10. O-O-O {[%clk 1:30:30]} a5 {[%clk 1:30:30]} 11. Qe1 {[%clk 1:30:30]}
Qc8 {[%clk 1:30:30]} 12. a4 {[%clk 1:30:30]} Nc6 {[%clk 1:30:30]} 13. Kb1 {[%clk
1:30:30]} Nb4 {[%clk 1:30:30]} 14. g4 {[%clk 1:30:30]} d5 {[%clk 1:30:30]} 15. g5
{[%clk 1:30:30]} Ne8 {[%clk 1:30:30]} 16. exd5 {[%clk 1:30:30]} Bf5 {[%clk
1:30:30]} 17. Rd2 {[%clk 1:30:30]} Nc7 {[%clk 1:30:30]} 18. Qd1 {[%clk 1:30:30]}
Rd8 {[%clk 1:30:30]} 19. Na1 {[%clk 1:30:30]} Ne8 {[%clk 1:30:30]} 20. h4 {[%clk
1:30:30]} Nd6 {[%clk 1:30:30]} 21. Rg1 {[%clk 1:30:30]} Qd7 {[%clk 1:30:30]} 22.
Nb3 {[%clk 1:30:30]} Rdc8 {[%clk 1:30:30]} 23. Nc5 {[%clk 1:30:30]} Qe8 {[%clk
1:30:30]} 24. b3 {[%clk 1:30:30]} Rc7 {[%clk 1:30:30]} 25. Nb5 {[%clk 1:30:30]}
Nxb5 {[%clk 1:30:30]} 26. Bxb5 {[%clk 1:30:30]} Bxc5 {[%clk 1:30:30]} 27. Bxc5
{[%clk 1:30:30]} Bd7 {[%clk 1:30:30]} 28. Bxd7 {[%clk 1:30:30]} Qxd7 {[%clk
1:30:30]} 29. Bb6 {[%clk 1:30:30]} Rcc8 {[%clk 1:30:30]} 30. c4 {[%clk 1:30:30]}
Ra6 {[%clk 1:30:30]} 31. c5 {[%clk 1:30:30]} g6 {[%clk 1:30:30]} 32. Qe2 {[%clk
1:30:30]} Nxd5 {[%clk 1:30:30]} 33. Qxe5 {[%clk 1:30:30]} Nxb6 {[%clk 1:30:30]}
34. Rxd7 {[%clk 1:30:30]} Nxd7 {[%clk 1:30:30]} 35. Qd5 {[%clk 1:30:30]} Nxc5
{[%clk 1:30:30]} 36. Rc1 {[%clk 1:30:30]} Rac6 {[%clk 1:30:30]} 37. f4 {[%clk
1:30:30]} R6c7 {[%clk 1:30:30]} 38. f5 {[%clk 1:30:30]} b6 {[%clk 1:30:30]} 39.
f6 {[%clk 1:30:30]} Rc6 {[%clk 1:30:30]} 40. Re1 {[%clk 1:30:30]} Ne6 {[%clk
1:30:30]} 41. Rd1 {[%clk 1:30:30]} R6c7 {[%clk 1:30:30]} 42. Rd2 {[%clk 1:30:30]}
Rc6 {[%clk 1:30:30]} 43. Kb2 {[%clk 1:30:30]} R6c7 {[%clk 1:30:30]} 44. Qd6
{[%clk 1:30:30]} Rb7 {[%clk 1:30:30]} 45. Rc2 {[%clk 1:30:30]} Rd8 {[%clk
1:30:30]} 46. Qe5 {[%clk 1:30:30]} Nc5 {[%clk 1:30:30]} 47. Ka2 {[%clk 1:30:30]}
Nd3 {[%clk 1:30:30]} 48. Qd6 {[%clk 1:30:30]} Nb4+ {[%clk 1:30:30]} 49. Kb2
{[%clk 1:30:30]} Rbb8 {[%clk 1:30:30]} 50. Qh2 {[%clk 1:30:30]} Nxc2 {[%clk
1:30:30]} 51. Kxc2 {[%clk 1:30:30]} Rbc8+ {[%clk 1:30:30]} 52. Kb2 {[%clk
1:30:30]} Rc5 {[%clk 1:30:30]} 53. Qg2 {[%clk 1:30:30]} Rcd5 {[%clk 1:30:30]} 54.
Ka3 {[%clk 1:30:30]} Rd1 {[%clk 1:30:30]} 55. Qb7 {[%clk 1:30:30]} R1d6 {[%clk
1:30:30]} 56. Kb2 {[%clk 1:30:30]} R8d7 {[%clk 1:30:30]} 57. Qe4 {[%clk 1:30:30]}
Rd8 {[%clk 1:30:30]} 58. Qe3 {[%clk 1:30:30]} Rc6 {[%clk 1:30:30]} 59. Qf3 {[%clk
1:30:30]} Rdc8 {[%clk 1:30:30]} 60. h5 {[%clk 1:30:30]} Kf8 {[%clk 1:30:30]} 61.
hxg6 {[%clk 1:30:30]} hxg6 {[%clk 1:30:30]} 62. Qh3 {[%clk 1:30:30]} Ke8 {[%clk
1:30:30]} 63. Qh7 {[%clk 1:30:30]} Rc2+ {[%clk 1:30:30]} 64. Ka3 {[%clk 1:30:30]}
Rc1 {[%clk 1:30:30]} 65. Qg8+ {[%clk 1:30:30]} Kd7 {[%clk 1:30:30]} 66. Qxf7+
{[%clk 1:30:30]} Kd6 {[%clk 1:30:30]} 67. Qxg6 {[%clk 1:30:30]} R8c2 {[%clk
1:30:30]} 68. f7+ {[%clk 1:30:30]} Ke7 {[%clk 1:30:30]} 69. Qf6+ {[%clk 1:30:30]}
Kf8 {[%clk 1:30:30]} 70. g6 {[%clk 1:30:30]} Rg2 {[%clk 1:30:30]} 71. Qh8+ {[%clk
1:30:30]} 1-0

[Event "Campeonato España Sub 18"]
[Site "Salobreña"]
[Date "2017.08.03"]
[Round "6"]
[White "Lianes Garcia, Marcos"]
[Black "Esquivias Quintero, Luis Manuel"]
[Result "1-0"]
[Board "11"]
[WhiteClock "1:30"]
[WhiteTitle "FM"]
[WhiteElo "2352"]
[WhiteCountry "ESP"]
[WhiteFideId "32060777"]
[WhiteEloChange "3"]
[BlackClock "1:30"]
[BlackElo "2069"]
[BlackCountry "ESP"]
[BlackFideId "32018215"]
[BlackEloChange "-3"]

1. e4 {[%clk 1:30:00]} c5 {[%clk 1:30:00]} 2. Nf3 {[%clk 1:31:00]} g6 {[%clk
1:31:00]} 3. c3 {[%clk 1:29:00]} Bg7 {[%clk 1:31:00]} 4. d4 {[%clk 1:29:00]} cxd4
{[%clk 1:31:00]} 5. cxd4 {[%clk 1:30:00]} d5 {[%clk 1:32:00]} 6. e5 {[%clk
1:30:00]} Bg4 {[%clk 1:32:00]} 7. Bb5+ {[%clk 1:29:00]} Nd7 {[%clk 1:31:00]} 8.
Nc3 {[%clk 1:24:00]} e6 {[%clk 1:29:00]} 9. h3 {[%clk 1:12:00]} Bxf3 {[%clk
1:27:00]} 10. Qxf3 {[%clk 1:13:00]} Ne7 {[%clk 1:24:00]} 11. g4 {[%clk 1:10:00]}
a6 {[%clk 1:17:00]} 12. Bxd7+ {[%clk 1:06:00]} Qxd7 {[%clk 1:15:00]} 13. Bg5
{[%clk 1:06:00]} Rc8 {[%clk 0:56:00]} 14. O-O {[%clk 1:05:00]} O-O {[%clk
0:55:00]} 15. Kg2 {[%clk 1:01:00]} Rc4 {[%clk 0:49:00]} 16. Rad1 {[%clk 1:00:00]}
Qc7 {[%clk 0:44:00]} 17. Rd2 {[%clk 0:50:00]} Nc6 {[%clk 0:37:00]} 18. Ne2 {[%clk
0:45:00]} Nb8 {[%clk 0:36:00]} 19. Qe3 {[%clk 0:40:00]} Rc8 {[%clk 0:26:00]} 20.
f4 {[%clk 0:37:00]} Rc2 {[%clk 0:18:41]} 21. Rxc2 {[%clk 0:33:00]} Qxc2 {[%clk
0:18:26]} 22. Rc1 {[%clk 0:33:00]} Qxe2+ {[%clk 0:18:26]} 23. Qxe2 {[%clk
0:34:00]} Rxc1 {[%clk 0:19:08]} 24. Qd2 {[%clk 0:33:00]} Rc4 {[%clk 0:17:31]} 25.
b3 {[%clk 0:33:00]} Rc6 {[%clk 0:16:53]} 26. Qb4 {[%clk 0:29:00]} Rc2+ {[%clk
0:15:55]} 27. Kf1 {[%clk 0:28:00]} h6 {[%clk 0:15:40]} 28. Qxb7 {[%clk 0:22:00]}
Nc6 {[%clk 0:15:17]} 29. Bf6 {[%clk 0:22:00]} Nxd4 {[%clk 0:15:16]} 30. Qa8+
{[%clk 0:22:00]} Kh7 {[%clk 0:09:38]} 31. Qa7 {[%clk 0:22:00]} 1-0

[Event "Campeonato España Sub 18"]
[Site "Salobreña"]
[Date "2017.08.03"]
[Round "6"]
[White "Calvo Simon, Jorge"]
[Black "Garcia Martin, Marta"]
[Result "1/2-1/2"]
[Board "12"]
[WhiteClock "1:30"]
[WhiteElo "2128"]
[WhiteCountry "ESP"]
[WhiteFideId "22216340"]
[WhiteEloChange "7"]
[BlackClock "1:30"]
[BlackTitle "FM"]
[BlackElo "2435"]
[BlackCountry "ESP"]
[BlackFideId "32084030"]
[BlackEloChange "-4"]

1. e4 {[%clk 1:30:00]} e5 {[%clk 1:30:00]} 2. Nf3 {[%clk 1:31:00]} Nc6 {[%clk
1:31:00]} 3. Bc4 {[%clk 1:31:00]} Nf6 {[%clk 1:31:00]} 4. d3 {[%clk 1:31:00]} Bc5
{[%clk 1:29:00]} 5. c3 {[%clk 1:32:00]} d6 {[%clk 1:28:00]} 6. Nbd2 {[%clk
1:32:00]} a6 {[%clk 1:29:00]} 7. Bb3 {[%clk 1:32:00]} Ba7 {[%clk 1:29:00]} 8. h3
{[%clk 1:31:00]} h6 {[%clk 1:29:00]} 9. Nf1 {[%clk 1:30:00]} Be6 {[%clk 1:27:00]}
10. Be3 {[%clk 1:23:00]} Bxe3 {[%clk 1:07:00]} 11. Nxe3 {[%clk 1:22:00]} d5
{[%clk 1:07:00]} 12. exd5 {[%clk 1:21:00]} Nxd5 {[%clk 1:07:00]} 13. Nxd5 {[%clk
1:14:00]} Bxd5 {[%clk 1:08:00]} 14. O-O {[%clk 1:12:00]} O-O {[%clk 1:06:00]} 15.
Re1 {[%clk 1:09:00]} Re8 {[%clk 1:03:00]} 16. Re3 {[%clk 1:05:00]} f5 {[%clk
0:45:00]} 17. Bxd5+ {[%clk 0:58:00]} Qxd5 {[%clk 0:45:00]} 18. Qb3 {[%clk
0:58:00]} Qxb3 {[%clk 0:45:00]} 19. axb3 {[%clk 0:59:00]} Rad8 {[%clk 0:44:00]}
20. Rae1 {[%clk 0:52:00]} f4 {[%clk 0:31:00]} 21. Re4 {[%clk 0:51:00]} Rxd3
{[%clk 0:31:00]} 22. Rxf4 {[%clk 0:51:00]} exf4 {[%clk 0:24:00]} 23. Rxe8+ {[%clk
0:51:00]} Kf7 {[%clk 0:24:00]} 24. Re4 {[%clk 0:42:00]} Rd1+ {[%clk 0:20:00]} 25.
Kh2 {[%clk 0:41:00]} g5 {[%clk 0:11:04]} 26. g4 {[%clk 0:37:00]} a5 {[%clk
0:06:12]} 27. Kg2 {[%clk 0:35:00]} Rd5 {[%clk 0:06:20]} 28. h4 {[%clk 0:31:00]}
Rb5 {[%clk 0:04:54]} 29. hxg5 {[%clk 0:30:00]} hxg5 {[%clk 0:05:16]} 30. Nd2
{[%clk 0:26:00]} Nd8 {[%clk 0:05:03]} 31. c4 {[%clk 0:23:00]} Rc5 {[%clk
0:04:05]} 32. Nf3 {[%clk 0:16:18]} Ne6 {[%clk 0:04:00]} 33. Nd4 {[%clk 0:16:11]}
Ng7 {[%clk 0:02:13]} 34. Kf3 {[%clk 0:16:08]} Kf6 {[%clk 0:00:39]} 35. Ke2 {[%clk
0:14:59]} a4 {[%clk 0:00:41]} 36. Kd3 {[%clk 0:13:33]} axb3 {[%clk 0:01:06]} 37.
Nxb3 {[%clk 0:13:57]} Rc6 {[%clk 0:01:29]} 38. Nd4 {[%clk 0:13:59]} Rd6 {[%clk
0:00:40]} 39. c5 {[%clk 0:13:45]} Rd8 {[%clk 0:00:43]} 40. Kc4 {[%clk 0:12:30]}
Rh8 {[%clk 0:00:45]} 41. b4 {[%clk 0:12:00]} Rh1 {[%clk 0:00:42]} 42. b5 {[%clk
0:11:56]} Kf7 {[%clk 0:00:41]} 43. Re5 {[%clk 0:10:08]} Kf6 {[%clk 0:00:42]} 44.
Re2 {[%clk 0:10:14]} Rc1+ {[%clk 0:00:59]} 45. Kd5 {[%clk 0:10:10]} Rd1 {[%clk
0:00:42]} 46. c6 {[%clk 0:06:29]} b6 {[%clk 0:00:39]} 47. f3 {[%clk 0:06:29]} Kf7
{[%clk 0:00:40]} 48. Ke5 {[%clk 0:04:57]} Ne8 {[%clk 0:00:37]} 49. Ne6 {[%clk
0:04:29]} Kg6 {[%clk 0:00:33]} 50. Nf8+ {[%clk 0:03:46]} Kf7 {[%clk 0:00:46]} 51.
Ne6 {[%clk 0:04:09]} Kg6 {[%clk 0:00:53]} 52. Nf8+ {[%clk 0:01:57]} Kf7 {[%clk
0:00:48]} 53. Ne6 {[%clk 0:01:39]} Kg6 {[%clk 0:00:40]} 54. Nf8+ {[%clk 0:01:39]}
1/2-1/2

[Event "Campeonato España Sub 18"]
[Site "Salobreña"]
[Date "2017.08.03"]
[Round "6"]
[White "Roldan Marques, Daniel"]
[Black "Centron Antuna, Daniel"]
[Result "1-0"]
[Board "13"]
[WhiteClock "1:30"]
[WhiteTitle "FM"]
[WhiteElo "2300"]
[WhiteCountry "ESP"]
[WhiteFideId "32063318"]
[WhiteEloChange "5"]
[BlackClock "1:30"]
[BlackElo "2112"]
[BlackCountry "ESP"]
[BlackFideId "22288694"]
[BlackEloChange "-5"]

1. d4 {[%clk 1:30:00]} d5 {[%clk 1:30:00]} 2. c4 {[%clk 1:30:00]} c6 {[%clk
1:30:00]} 3. cxd5 {[%clk 1:31:00]} cxd5 {[%clk 1:30:00]} 4. Bf4 {[%clk 1:31:00]}
Nf6 {[%clk 1:27:00]} 5. Nc3 {[%clk 1:31:00]} a6 {[%clk 1:26:00]} 6. e3 {[%clk
1:29:00]} Nc6 {[%clk 1:20:00]} 7. Bd3 {[%clk 1:28:00]} Bg4 {[%clk 1:13:00]} 8.
Nge2 {[%clk 1:29:00]} e6 {[%clk 1:12:00]} 9. O-O {[%clk 1:28:00]} Bd6 {[%clk
1:09:00]} 10. Bxd6 {[%clk 1:25:00]} Qxd6 {[%clk 1:10:00]} 11. Rc1 {[%clk
1:23:00]} O-O {[%clk 1:05:00]} 12. f4 {[%clk 1:17:00]} h5 {[%clk 0:55:00]} 13.
Na4 {[%clk 1:13:00]} Ne7 {[%clk 0:53:00]} 14. Nc5 {[%clk 1:09:00]} Rab8 {[%clk
0:50:00]} 15. Qd2 {[%clk 1:05:00]} Bf5 {[%clk 0:48:00]} 16. Nc3 {[%clk 1:03:00]}
h4 {[%clk 0:43:00]} 17. Be2 {[%clk 0:58:00]} Bg4 {[%clk 0:39:00]} 18. Rfe1 {[%clk
0:43:00]} Bxe2 {[%clk 0:34:00]} 19. Rxe2 {[%clk 0:42:00]} Nf5 {[%clk 0:34:00]}
20. Qd3 {[%clk 0:38:00]} Rfc8 {[%clk 0:32:00]} 21. h3 {[%clk 0:37:00]} Nh5 {[%clk
0:27:00]} 22. Rec2 {[%clk 0:29:00]} Rc6 {[%clk 0:20:00]} 23. Ne2 {[%clk 0:25:00]}
Qe7 {[%clk 0:20:00]} 24. e4 {[%clk 0:19:04]} dxe4 {[%clk 0:19:37]} 25. Nxe4
{[%clk 0:19:25]} Rxc2 {[%clk 0:19:19]} 26. Qxc2 {[%clk 0:18:52]} Nf6 {[%clk
0:16:51]} 27. Qc7 {[%clk 0:16:39]} Qxc7 {[%clk 0:15:45]} 28. Nxf6+ {[%clk
0:17:03]} gxf6 {[%clk 0:16:13]} 29. Rxc7 {[%clk 0:17:24]} Rd8 {[%clk 0:16:00]}
30. Rxb7 {[%clk 0:16:53]} Nxd4 {[%clk 0:16:21]} 31. Kf2 {[%clk 0:15:11]} Nf5
{[%clk 0:13:26]} 32. Rb6 {[%clk 0:12:04]} Rd2 {[%clk 0:13:52]} 33. Ke1 {[%clk
0:12:00]} Rc2 {[%clk 0:14:17]} 34. Rb3 {[%clk 0:12:28]} Rxe2+ {[%clk 0:10:53]}
35. Kxe2 {[%clk 0:12:56]} Nd4+ {[%clk 0:11:16]} 36. Kd3 {[%clk 0:12:33]} Nxb3
{[%clk 0:11:44]} 37. axb3 {[%clk 0:12:59]} Kg7 {[%clk 0:10:27]} 38. b4 {[%clk
0:05:28]} Kf8 {[%clk 0:09:27]} 39. Kc4 {[%clk 0:05:14]} Ke7 {[%clk 0:09:16]} 40.
b5 {[%clk 0:05:25]} axb5+ {[%clk 0:08:06]} 41. Kxb5 {[%clk 0:05:49]} e5 {[%clk
0:06:37]} 42. Kc4 {[%clk 0:04:02]} Ke6 {[%clk 0:03:41]} 43. Kd3 {[%clk 0:02:49]}
Kd5 {[%clk 0:03:32]} 44. Ke3 {[%clk 0:02:37]} Kc5 {[%clk 0:00:57]} 45. Ke4 {[%clk
0:02:40]} Kd6 {[%clk 0:00:57]} 46. g3 {[%clk 0:01:08]} hxg3 {[%clk 0:00:36]} 47.
Kf3 {[%clk 0:01:35]} exf4 {[%clk 0:00:44]} 48. h4 {[%clk 0:02:00]} Ke5 {[%clk
0:00:43]} 49. h5 {[%clk 0:02:16]} Kd4 {[%clk 0:00:33]} 50. h6 {[%clk 0:02:40]}
Kd3 {[%clk 0:00:37]} 51. h7 {[%clk 0:03:03]} g2 {[%clk 0:00:44]} 52. Kxg2 {[%clk
0:03:25]} Ke2 {[%clk 0:01:01]} 53. h8Q {[%clk 0:03:47]} f3+ {[%clk 0:01:27]} 54.
Kg3 {[%clk 0:03:47]} 1-0

[Event "Campeonato España Sub 18"]
[Site "Salobreña"]
[Date "2017.08.03"]
[Round "6"]
[White "Chueca Lorente, Javier"]
[Black "Domingo Nunez, Ruben"]
[Result "1/2-1/2"]
[Board "14"]
[WhiteClock "1:26"]
[WhiteElo "2112"]
[WhiteCountry "ESP"]
[WhiteFideId "22216405"]
[WhiteEloChange "5"]
[BlackClock "1:30"]
[BlackTitle "FM"]
[BlackElo "2283"]
[BlackCountry "ESP"]
[BlackFideId "22245570"]
[BlackEloChange "-5"]

1. c4 {[%clk 1:26:00]} b6 {[%clk 1:30:00]} 2. Nc3 {[%clk 1:26:00]} Bb7 {[%clk
1:30:00]} 3. e4 {[%clk 1:27:00]} e6 {[%clk 1:31:00]} 4. Nge2 {[%clk 1:27:00]} c5
{[%clk 1:19:00]} 5. g3 {[%clk 1:27:00]} d6 {[%clk 1:05:00]} 6. Bg2 {[%clk
1:26:00]} Nd7 {[%clk 1:05:00]} 7. O-O {[%clk 1:26:00]} a6 {[%clk 1:05:00]} 8. d3
{[%clk 1:15:00]} Be7 {[%clk 1:04:00]} 9. f4 {[%clk 1:15:00]} h5 {[%clk 0:57:00]}
10. Be3 {[%clk 1:12:00]} h4 {[%clk 0:50:00]} 11. d4 {[%clk 1:08:00]} hxg3 {[%clk
0:43:00]} 12. Nxg3 {[%clk 1:02:00]} Qc7 {[%clk 0:42:00]} 13. f5 {[%clk 0:56:00]}
cxd4 {[%clk 0:39:00]} 14. fxe6 {[%clk 0:57:00]} fxe6 {[%clk 0:39:00]} 15. Bxd4
{[%clk 0:56:00]} Ngf6 {[%clk 0:39:00]} 16. Rc1 {[%clk 0:55:00]} Rc8 {[%clk
0:33:00]} 17. b3 {[%clk 0:49:00]} Bc6 {[%clk 0:27:00]} 18. Nd5 {[%clk 0:46:00]}
Qb7 {[%clk 0:22:00]} 19. Bxf6 {[%clk 0:41:00]} Nxf6 {[%clk 0:22:00]} 20. Nxf6+
{[%clk 0:41:00]} gxf6 {[%clk 0:19:55]} 21. Qg4 {[%clk 0:41:00]} Kf7 {[%clk
0:19:41]} 22. b4 {[%clk 0:36:00]} Rcg8 {[%clk 0:16:10]} 23. Qe2 {[%clk 0:36:00]}
Rg5 {[%clk 0:16:30]} 24. a4 {[%clk 0:35:00]} Rh4 {[%clk 0:15:18]} 25. Rce1 {[%clk
0:32:00]} Qc7 {[%clk 0:13:31]} 26. b5 {[%clk 0:32:00]} Bb7 {[%clk 0:13:14]} 27.
Bf3 {[%clk 0:29:00]} Kg7 {[%clk 0:10:50]} 28. Qg2 {[%clk 0:28:00]} a5 {[%clk
0:10:32]} 29. e5 {[%clk 0:28:00]} Bxf3 {[%clk 0:05:31]} 30. exf6+ {[%clk
0:28:00]} Bxf6 {[%clk 0:05:58]} 31. Qxf3 {[%clk 0:28:00]} Qe7 {[%clk 0:03:01]}
32. Re2 {[%clk 0:17:42]} Be5 {[%clk 0:01:04]} 33. Kg2 {[%clk 0:16:36]} Rf4 {[%clk
0:00:40]} 34. Qe3 {[%clk 0:14:58]} Rxf1 {[%clk 0:00:38]} 35. Kxf1 {[%clk
0:15:21]} Rg4 {[%clk 0:00:37]} 36. Qf3 {[%clk 0:14:07]} Qg5 {[%clk 0:00:39]} 37.
Rf2 {[%clk 0:14:24]} Bxg3 {[%clk 0:00:36]} 38. Qf8+ {[%clk 0:14:17]} Kg6 {[%clk
0:00:43]} 39. Qf7+ {[%clk 0:14:39]} Kh6 {[%clk 0:01:12]} 40. Rf6+ {[%clk
0:15:01]} Qxf6+ {[%clk 0:00:45]} 41. Qxf6+ {[%clk 0:15:29]} Rg6 {[%clk 0:01:44]}
42. Qf8+ {[%clk 0:15:37]} Kg5 {[%clk 0:02:10]} 43. Qd8+ {[%clk 0:14:24]} Rf6+
{[%clk 0:02:21]} 44. Kg2 {[%clk 0:14:51]} Bf2 {[%clk 0:00:39]} 45. Qxd6 {[%clk
0:15:15]} Bc5 {[%clk 0:01:02]} 46. Qe5+ {[%clk 0:15:23]} Kg6 {[%clk 0:01:15]} 47.
h4 {[%clk 0:15:30]} Kf7 {[%clk 0:01:05]} 48. h5 {[%clk 0:15:34]} Rf5 {[%clk
0:00:32]} 49. Qc7+ {[%clk 0:15:59]} Kg8 {[%clk 0:00:39]} 50. h6 {[%clk 0:14:45]}
Rf7 {[%clk 0:00:43]} 51. Qc8+ {[%clk 0:15:03]} Kh7 {[%clk 0:00:50]} 52. Qxe6
{[%clk 0:15:22]} Rf8 {[%clk 0:00:37]} 53. Kh3 {[%clk 0:14:56]} Rg8 {[%clk
0:00:44]} 54. Qf7+ {[%clk 0:15:14]} Kh8 {[%clk 0:01:11]} 55. Kh4 {[%clk 0:15:26]}
Rg1 {[%clk 0:01:09]} 56. Qf5 {[%clk 0:14:12]} Rh1+ {[%clk 0:00:38]} 57. Kg5
{[%clk 0:01:07]} Be3+ {[%clk 0:13:48]} 58. Kg6 {[%clk 0:13:48]} Rxh6+ {[%clk
0:01:28]} 59. Kf7 {[%clk 0:14:11]} Rh7+ {[%clk 0:01:29]} 60. Ke8 {[%clk 0:14:33]}
Bc5 {[%clk 0:01:58]} 61. Qf6+ {[%clk 0:14:31]} Kg8 {[%clk 0:01:38]} 62. Qg5+
{[%clk 0:14:20]} Rg7 {[%clk 0:01:34]} 63. Qf5 {[%clk 0:14:35]} Kh8 {[%clk
0:01:35]} 64. Kd8 {[%clk 0:11:53]} Kg8 {[%clk 0:01:22]} 65. Kc8 {[%clk 0:11:50]}
Bg1 {[%clk 0:01:43]} 66. Qe6+ {[%clk 0:10:49]} Kh8 {[%clk 0:01:55]} 67. Qh6+
{[%clk 0:11:05]} Kg8 {[%clk 0:02:19]} 68. Qh1 {[%clk 0:11:25]} Bc5 {[%clk
0:00:50]} 69. Qd5+ {[%clk 0:11:03]} Kf8 {[%clk 0:01:19]} 70. Qd8+ {[%clk
0:09:55]} Kf7 {[%clk 0:01:48]} 71. Kb7 {[%clk 0:10:05]} Rg6 {[%clk 0:01:29]} 72.
Qd5+ {[%clk 0:09:39]} Kf8 {[%clk 0:00:50]} 73. Qf5+ {[%clk 0:09:07]} Kg7 {[%clk
0:01:17]} 74. Ka6 {[%clk 0:07:51]} Bg1 {[%clk 0:00:55]} 75. Qf1 {[%clk 0:06:23]}
Bc5 {[%clk 0:00:47]} 76. Qf4 {[%clk 0:06:29]} Bg1 {[%clk 0:00:38]} 77. Qf5 {[%clk
0:06:26]} Kh7 {[%clk 0:00:35]} 78. Qf1 {[%clk 0:06:04]} Bc5 {[%clk 0:00:35]} 79.
Qf7+ {[%clk 0:06:28]} Kh6 {[%clk 0:00:42]} 80. Qf4+ {[%clk 0:06:53]} Kg7 {[%clk
0:00:34]} 81. Qc7+ {[%clk 0:06:42]} Kf6 {[%clk 0:00:35]} 82. Qd8+ {[%clk
0:03:26]} 1/2-1/2